[Event "Omsk op 12"]
[Site "Omsk"]
[Date "2013.12.05"]
[Round "4"]
[White "Skokov, Boris"]
[Black "Kislov, Leonid"]
[Result "0-1"]
[WhiteElo "2017"]
[BlackElo "1838"]
[PlyCount "60"]
[EventDate "2013.12.01"]
[EventType "swiss"]
[EventRounds "9"]
[EventCountry "RUS"]
[SourceTitle "EXT 2016"]
[Source "ChessBase"]
[SourceDate "2015.10.08"]
[SourceVersion "1"]
[SourceVersionDate "2015.10.08"]
[SourceQuality "1"]

1. e4 e5 2. Nf3 d6 3. d4 exd4 4. Nxd4 Nf6 5. Nc3 Be7 6. Be2 0-0 7. Bf4 a6 8. 0-0 c5 9. Nb3 Nc6 10. a4 Be6 11. Nd5 Bxd5 12. exd5 Na7 13. Re1 Qd7 14. Bf3 Rae8 15. h3 Bd8 16. Qd2 Nc8 17. a5 Ne7 18. g4 h6 19. Bxh6 gxh6 20. Qxh6 Ng6 21. g5 Nh7 22. Bg4 Qc7 23. f4 Nxf4 24. h4 Ng6 25. Bf5 Re5 26. Bxg6 fxg6 27. Qxg6+ Kh8 28. Rxe5 dxe5 29. Re1 c4 30. d6 Qd7 0-1

[Event "Omsk op 12"]
[Site "Omsk"]
[Date "2013.12.03"]
[Round "2"]
[White "Pisjmeniuk, Artem"]
[Black "Kislov, Leonid"]
[Result "1-0"]
[WhiteElo "1958"]
[BlackElo "1838"]
[PlyCount "37"]
[EventDate "2013.12.01"]
[EventType "swiss"]
[EventRounds "9"]
[EventCountry "RUS"]
[SourceTitle "EXT 2016"]
[Source "ChessBase"]
[SourceDate "2015.10.08"]
[SourceVersion "1"]
[SourceVersionDate "2015.10.08"]
[SourceQuality "1"]

1. e4 e5 2. Nf3 d6 3. d4 exd4 4. Nxd4 Nf6 5. Nc3 Be7 6. Bc4 0-0 7. f3 a6 8. a4 c5 9. Nde2 Nc6 10. Nf4 Ne5 11. Bd5 Nxd5 12. Nfxd5 Bh4+ 13. g3 Be7 14. Bf4 Bg5 15. Bxg5 Qxg5 16. f4 Qg4 17. fxe5 Qh3 18. Nf4 Qh6 19. Qxd6 1-0